Statistics for Football Clubs Which Play In a Foreign Country League

Click here to take the quiz!

General Stats

  • This quiz has been taken 40 times
  • The average score is 6 of 10

Answer Stats

Country of Origin League They Play Team % Correct
MonacoFranceAS Monaco
97%
WalesEnglandSwansea City
89%
CanadaUnited StatesToronto FC
87%
WalesEnglandCardiff City
84%
LiechtensteinSwitzerlandFC Vaduz
53%
San MarinoItalySan Marino Calcio
50%
CanadaUnited StatesMontreal Impact
39%
CanadaUnited StatesVancouver Whitecaps
37%
WalesEnglandNewport County
24%
New ZealandAustraliaWellington Phoenix
18%

Score Distribution

Percentile by Number Answered

Percent of People with Each Score

Your Score History

You have not taken this quiz